书目信息 |
| 题名: |
家庭卫生害虫趣谈
|
|
| 作者: | 汪诚信 , 刘起勇 编 | |
| 分册: | ||
| 出版信息: | 北京 化学工业出版社 2000.01 |
|
| 页数: | 92页 | |
| 开本: | 32开 | |
| 丛书名: | ||
| 单 册: | ||
| 中图分类: | R184.3 | |
| 科图分类: | ||
| 主题词: | 流行病学 , 防疫 | |
| 电子资源: | ||
| ISBN: | 7-5025-2693-5 | |
| 000 | 00622nam0 2200217 45 | |
| 001 | 0010060964 | |
| 005 | 20001006093210.3 | |
| 010 | @a7-5025-2693-5@d5.50元 | |
| 100 | @a20001006d2000 km y0chiy0120 ea | |
| 101 | 0 | @achi |
| 105 | @a z 000yy | |
| 200 | 1 | @a家庭卫生害虫趣谈@AJia Ting Wei Sheng Hai Chong Qu Tan@f汪诚信,刘起勇编@FWang Cheng Xin,Liu Qi Yong Bian |
| 210 | @a北京@c化学工业出版社@d2000.01 | |
| 215 | @a92页@d32开 | |
| 606 | 0 | @a流行病学 |
| 606 | 0 | @a防疫 |
| 690 | @aR184.3@v3 | |
| 701 | 0 | @a汪诚信@4编 |
| 701 | 0 | @a刘起勇@4编 |
| 801 | @aCN@bPftUser@c20001006 | |
| 905 | @b167456-460@dR184.3@eW883@f5 | |
| 家庭卫生害虫趣谈/汪诚信,刘起勇编.-北京:化学工业出版社,2000.01 |
| 92页;32开 |
| ISBN 7-5025-2693-5:5.50元 |
| ● |
| 相关链接 |
|
|
|
正题名:家庭卫生害虫趣谈
索取号:R184.3/W883
 
预约/预借
| 序号 | 登录号 | 条形码 | 馆藏地/架位号 | 状态 | 备注 |
| 1 | 167456 | 201674562 | 自科库401/401自科库 8排2列3层/ [索取号:R184.3/W883] | 在馆 | |
| 2 | 167457 | 201674571 | 社科二线400B/401自科库 8排2列3层/ [索取号:R184.3/W883] | 在馆 | |
| 3 | 167458 | 201674580 | 社科二线400B/401自科库 8排2列3层/ [索取号:R184.3/W883] | 在馆 | |
| 4 | 167459 | 201674599 | 期刊室512/401自科库 8排2列3层/ [索取号:R184.3/W883] | 在馆 | |
| 5 | 167460 | 201674606 | 社科二线400B/401自科库 8排2列3层/ [索取号:R184.3/W883] | 在馆 |